| 000 | 01049cam a22002775a 4500 | ||
|---|---|---|---|
| 001 | 16157980 | ||
| 005 | 20151110112735.0 | ||
| 008 | 100329s2011 enk frb 001 0 eng d | ||
| 020 | _a9780415577724 (hbk.) | ||
| 040 |
_aDLC _cDLC _dDLC _dEG-ScBUE _beng |
||
| 043 | _ad------ | ||
| 082 | 0 | 0 |
_a327.101 _222 _bINT |
| 245 | 0 | 0 |
_aInternational relations and non-western thought : _bimperialism, colonialism, and investigations of global modernity / _cedited by Robbie Shilliam. |
| 260 |
_aOxon ; _aNew York : _bRoutledge / Taylor & Francis Group, _c2011. |
||
| 300 |
_axvi, 268 p. ; _c25 cm. |
||
| 490 | 0 | _aInterventions | |
| 500 | _aIndex : p. 265-268. | ||
| 504 | _aBibliography : p. [239]-263. | ||
| 650 | 0 |
_aInternational relations _xStudy and teaching _zDeveloping countries. _2BUEsh |
|
| 651 | 0 |
_aDeveloping countries _xColonial influence. _2BUEsh |
|
| 651 | 0 |
_aDeveloping countries _xIntellectual life. _2BUEsh |
|
| 653 |
_bBUSBOL _cNovember2015 |
||
| 655 |
_vReading book _934232 |
||
| 700 | 1 |
_aShilliam, Robbie, _d1969- _eeditor. |
|
| 942 | _2ddc | ||
| 999 |
_c21024 _d20996 |
||